000 00371nam a2200133Ia 4500
008 240624s9999 xx 000 0 und d
041 _aeng
082 _a658.4 DAS
100 _aDAS SUBHASH CHANDRA
245 _aCORPORATE GOVERNANCE CODES SYSTEMS STAND
260 _c2009
_aNew Delhi
_bPrentice-Hall of India
300 _axviii, : 362 : p. : cm. ; 23
365 _cRS
_b30
999 _c15157
_d15157